书目信息 |
| 题名: |
无溶剂有机合成
|
|
| 作者: | 田中孝一 著 ;刘群 译 | |
| 分册: | ||
| 出版信息: | 北京 化学工业出版社 2005 |
|
| 页数: | 484页 | |
| 开本: | 25cm | |
| 丛书名: | 国外优秀化学著作译丛 | |
| 单 册: | ||
| 中图分类: | TQ63 | |
| 科图分类: | ||
| 主题词: | 无溶剂涂料--有机合成 , 无溶剂涂料 , 有机合成 | |
| 电子资源: | ||
| ISBN: | 7-5025-6320-2 | |
| 000 | 01110oam2 2200325 450 | |
| 001 | 012007217457 | |
| 005 | 20070522164226.23 | |
| 010 | @a7-5025-6320-2@b精装@dCNY68.00 | |
| 100 | @a20070515d2005 km y0chiy0120 ea | |
| 101 | 1 | @achi@cjpn |
| 102 | @aCN@b110000 | |
| 105 | @ay z 001yy | |
| 106 | @ar | |
| 200 | 1 | @a无溶剂有机合成@Awu rong ji you ji he cheng@f(日)田中孝一著@F(ri)tian zhong xiao yi zhu@g刘群译@Gliu qun yi |
| 210 | @a北京@c化学工业出版社@d2005 | |
| 215 | @a484页@d25cm | |
| 225 | 2 | @a国外优秀化学著作译丛 |
| 300 | @a国外优秀科技著作出版专项基金资助 | |
| 306 | @aWiley-VCH GmbH & Co.KGaA授权出版 | |
| 330 | @a本书将无溶剂合成反应收集并分类,每个反应包括反应类型、反应条件、关键词、实验步骤,且将原始文献列在每个反应类型中。 | |
| 461 | 0 | @12001 @a国外优秀化学著作译丛 |
| 510 | 1 | @aSolvent-free organic synthesis@zeng |
| 606 | 0 | @a无溶剂涂料@x有机合成 |
| 606 | 0 | @a无溶剂涂料 |
| 606 | 0 | @a有机合成 |
| 690 | @aTQ63@v4 | |
| 701 | 0 | @c(日)@a田中孝一@Atian zhong xiao yi@4著 |
| 702 | 0 | @a刘群@Aliu qun@c(化工)@4译 |
| 801 | 0 | @aCN@bRULIN@c20070522 |
| 905 | @dTQ63@e20@s8 | |
| 无溶剂有机合成/(日)田中孝一著/刘群译.-北京:化学工业出版社,2005 |
| 484页;25cm.-(国外优秀化学著作译丛) |
| 国外优秀科技著作出版专项基金资助 |
| ISBN 7-5025-6320-2(精装):CNY68.00 |
| 本书将无溶剂合成反应收集并分类,每个反应包括反应类型、反应条件、关键词、实验步骤,且将原始文献列在每个反应类型中。 |
| ● |
| 相关链接 |
|
|
|
|
正题名:无溶剂有机合成
索取号:TQ63/20
 
预约/预借
| 序号 | 登录号 | 条形码 | 馆藏地/架位号 | 状态 | 备注 |
| 1 | 0579477 | 205794773 | 第二样本阅览室/ [索取号:TQ63/20] | 在馆 | |
| 2 | 0579478 | 205794782 | 密集书库/ [索取号:TQ63/20] | 在馆 | |
| 3 | 0579479 | 205794791 | 密集书库/ [索取号:TQ63/20] | 在馆 | |
| 4 | 0579480 | 205794808 | 第三借阅区/ [索取号:TQ63/20] | 在馆 | |
| 5 | 0579481 | 205794817 | 密集书库/ [索取号:TQ63/20] | 在馆 | |
| 6 | 0579482 | 205794826 | 第三借阅区/ [索取号:TQ63/20] | 在馆 | |
| 7 | 0579483 | 205794835 | 第三借阅区/ [索取号:TQ63/20] | 在馆 | |
| 8 | 0579484 | 205794844 | 密集书库/ [索取号:TQ63/20] | 在馆 |